Síntesis histórica del derecho romano / (Record no. 52658)

MARC details
000 -LEADER
campo de control de longitud fija 00646nam a2200193 i 4500
001 - NÚMERO DE CONTROL
campo de control 52658
003 - IDENTIFICADOR DE NÚMERO DE CONTROL
campo de control ES-MaACL
005 - FECHA Y HORA DE LA ÚLTIMA TRANSACCIÓN
campo de control 20250723061831.0
007 - CAMPO FIJO DE DESCRIPCIÓN FÍSICA--INFORMACIÓN GENERAL
campo de control de longitud fija t|
008 - DATOS DE LONGITUD FIJA--INFORMACIÓN GENERAL
campo de control de longitud fija 030902s1954 sp ||||1| spa d
100 1# - ENTRADA PRINCIPAL--NOMBRE DE PERSONA
Nombre de persona De Francisci, Pietro.
9 (RLIN) 52185
245 10 - MENCIÓN DEL TÍTULO
Título Síntesis histórica del derecho romano /
Mención de responsabilidad, etc. Pietro de Francisci ; prólogo de Ursicino Alvarez.
260 ## - PUBLICACIÓN, DISTRIBUCIÓN, ETC.
Lugar de publicación, distribución, etc. Madrid :
Nombre del editor, distribuidor, etc. Revista de Derecho Privado,
Fecha de publicación, distribución, etc. 1954 (
Fabricante Imp. P. López)
300 ## - DESCRIPCIÓN FÍSICA
Extensión XIX, 817 p. ;
Dimensiones 24 cm.
650 07 - PUNTO DE ACCESO ADICIONAL DE MATERIA--TÉRMINO DE MATERIA
Término de materia o nombre geográfico como elemento de entrada Derecho romano
Fuente del encabezamiento o término embne
9 (RLIN) 11764
700 0# - ENTRADA AGREGADA--NOMBRE PERSONAL
Nombre de persona Alvarez Suarez, Ursicino.
9 (RLIN) 20973
852 ## - LOCALIZACIÓN
Ubicación ES-MaACL
Número de control de estantería C-8724
Sublocalización o colección R.36428
Holdings
Estatus retirado Estado de pérdida Estado de daño No para préstamo Biblioteca de origen Biblioteca actual Ubicación en estantería Fecha de adquisición Fuente de adquisición Total de préstamos Signatura topográfica completa Código de barras Visto por última vez Precio de reemplazo Tipo de ítem Koha
        Biblioteca del Ateneo de Madrid Biblioteca del Ateneo de Madrid Sala Palomar 17/01/2008     C-8724 1055345 23/02/2023 23/02/2023 Libro impreso